<?xml version="1.0" encoding="UTF-8"?>
<record
    xmlns:xsi="http://www.w3.org/2001/XMLSchema-instance"
    xsi:schemaLocation="http://www.loc.gov/MARC21/slim http://www.loc.gov/standards/marcxml/schema/MARC21slim.xsd"
    xmlns="http://www.loc.gov/MARC21/slim">

  <leader>00794nam a22002417a 4500</leader>
  <controlfield tag="008">160602s1994    mx ||||fr|||||||1|| spa d</controlfield>
  <datafield tag="020" ind1=" " ind2=" ">
    <subfield code="a">8424197178</subfield>
  </datafield>
  <datafield tag="050" ind1="0" ind2="4">
    <subfield code="a">CTX412 E94V.2 1994</subfield>
  </datafield>
  <datafield tag="130" ind1="1" ind2=" ">
    <subfield code="a">Enciclopedia de las bebidas famosas del mundo</subfield>
    <subfield code="9">38641</subfield>
  </datafield>
  <datafield tag="245" ind1="1" ind2="0">
    <subfield code="a">Enciclopedia de las bebidas famosas del mundo</subfield>
    <subfield code="c">/ Julio Herrero, J. Tola, J. Fuentes</subfield>
  </datafield>
  <datafield tag="260" ind1="3" ind2=" ">
    <subfield code="a">Espa&#xF1;a</subfield>
    <subfield code="b">: Everest</subfield>
    <subfield code="c">, 1994</subfield>
  </datafield>
  <datafield tag="300" ind1=" " ind2=" ">
    <subfield code="a">127 p&#xE1;ginas</subfield>
  </datafield>
  <datafield tag="336" ind1=" " ind2=" ">
    <subfield code="a">texto</subfield>
  </datafield>
  <datafield tag="337" ind1=" " ind2=" ">
    <subfield code="a">sin medio</subfield>
  </datafield>
  <datafield tag="338" ind1=" " ind2=" ">
    <subfield code="a">vol&#xFA;men</subfield>
  </datafield>
  <datafield tag="519" ind1=" " ind2=" ">
    <subfield code="a">Flexible/</subfield>
    <subfield code="b">Gastonom&#xED;a /</subfield>
    <subfield code="c">coteler&#xED;a (P21) /</subfield>
    <subfield code="d">(13 003848)</subfield>
  </datafield>
  <datafield tag="650" ind1="1" ind2="4">
    <subfield code="a">BEBIDAS SIN ALCOHOL</subfield>
    <subfield code="9">38658</subfield>
  </datafield>
  <datafield tag="650" ind1="2" ind2="4">
    <subfield code="a">LICORES</subfield>
    <subfield code="9">38659</subfield>
  </datafield>
  <datafield tag="700" ind1="1" ind2=" ">
    <subfield code="a">Herrero, Julio</subfield>
    <subfield code="e">traductor</subfield>
    <subfield code="9">38660</subfield>
  </datafield>
  <datafield tag="700" ind1="1" ind2=" ">
    <subfield code="a">Tola, J.</subfield>
    <subfield code="e">traductor</subfield>
    <subfield code="9">38661</subfield>
  </datafield>
  <datafield tag="700" ind1="1" ind2=" ">
    <subfield code="a">Fuentes, J.</subfield>
    <subfield code="e">traductor</subfield>
    <subfield code="9">38662</subfield>
  </datafield>
  <datafield tag="942" ind1=" " ind2=" ">
    <subfield code="2">lcc</subfield>
    <subfield code="c">LB</subfield>
  </datafield>
  <datafield tag="952" ind1=" " ind2=" ">
    <subfield code="0">0</subfield>
    <subfield code="1">0</subfield>
    <subfield code="2">lcc</subfield>
    <subfield code="4">0</subfield>
    <subfield code="7">0</subfield>
    <subfield code="a">13</subfield>
    <subfield code="b">13</subfield>
    <subfield code="d">2016-06-02</subfield>
    <subfield code="l">0</subfield>
    <subfield code="o">CTX412 E94V.2 1994</subfield>
    <subfield code="p">13 003848</subfield>
    <subfield code="r">2016-06-02</subfield>
    <subfield code="t">1</subfield>
    <subfield code="w">2016-06-02</subfield>
    <subfield code="y">LB</subfield>
  </datafield>
  <datafield tag="999" ind1=" " ind2=" ">
    <subfield code="c">99948</subfield>
    <subfield code="d">99948</subfield>
  </datafield>
</record>
